| 000 | 00875nam a22002055i 4500 | ||
|---|---|---|---|
| 001 | 161696 | ||
| 003 | ES-MaACL | ||
| 005 | 20230906212336.0 | ||
| 008 | 041022m18941898sp a |||| | spa d | ||
| 040 |
_aCAM _bspa _cCAM |
||
| 100 | 1 |
_aPeñas, Pedro. _9131103 |
|
| 245 | 1 | 0 |
_aCartilla de dibujo geométrico industrial / _cpor Pedro Peñas. |
| 260 |
_aMadrid : _b[s.n.], _c1894-1898 ( _fEstablecimiento tipolitográfico de Julián Palacios) |
||
| 300 |
_a3 v. ; _c23 cm. |
||
| 490 | 1 | _aManual del obrero | |
| 505 | 8 | _aContiene: T.I, 1894: Problemas de geometría plana y sus aplicaciones (98 p.) - T.II, 1898: Proyecciones (128 p.) - T.III, 1894: Atlas (XVI h. dobles de lám.) - T.IV, 1898: Atlas (XX h. dobles de lám.) | |
| 830 | 0 |
_aManual del obrero _9222132 |
|
| 852 |
_aES-MaACL _jF-12340-12341 _z-- Enc. pasta española _z-- 4 t. en 2 v. |
||
| 999 |
_c161696 _d161696 |
||